000 00304nam a22001337a 4500
008 170414b xxu||||| |||| 00| 0 eng d
020 _a0806740019
041 _aeng
080 _a618
100 _a10
101 _aSHM
245 _aBASIC ADOLESCENT GYNECOLOGY
_cSTRASBURGER.V.C
942 _2udc
_cBK
999 _c10826
_d10826